[Event "Reunion op 15th"]
[Site "St Denis"]
[Date "2013.10.17"]
[Round "6"]
[White "Desire, Michael"]
[Black "Denis, Valentin"]
[Result "1-0"]
[WhiteElo "1797"]
[BlackElo "1526"]
[PlyCount "91"]
[EventDate "2013.10.12"]
[EventType "swiss"]
[EventRounds "9"]
[EventCountry "RUF"]
[SourceTitle "EXT 2014"]
[Source "ChessBase"]
[SourceDate "2013.11.20"]
[SourceVersion "1"]
[SourceVersionDate "2013.11.20"]
[SourceQuality "1"]

1. e4 b6 2. d4 Bb7 3. Bd3 e6 4. Nf3 c5 5. c3 Ne7 6. Be3 Nbc6 7. dxc5 bxc5 8. Bxc5 Rb8 9. Bd6 Rc8 10. Nbd2 g6 11. Qb3 Ba8 12. Ba6 Na5 13. Qa3 Nb7 14. Bxb7 Bxb7 15. Qxa7 Nc6 16. Qxb7 Bxd6 17. Qb3 Rb8 18. Qc2 Qc8 19. Nc4 Be7 20. b3 d5 21. exd5 exd5 22. Ne3 Nb4 23. cxb4 Bxb4+ 24. Nd2 Bc3 25. Rc1 d4 26. Nec4 Qe6+ 27. Kf1 0-0 28. Qe4 Qa6 29. Qc2 Rfe8 30. Nf3 Rb6 31. g3 Rf6 32. Kg2 Qa8 33. Qd3 Qxa2 34. Rhf1 Re2 35. Ncd2 Rfe6 36. Nxd4 Rxd2 37. Qxc3 Rf6 38. Rc2 Qa8+ 39. Kg1 Rfxf2 40. Rxf2 Rd1+ 41. Rf1 Rxf1+ 42. Kxf1 Qh1+ 43. Ke2 Qg2+ 44. Kd1 Qg1+ 45. Kd2 Qg2+ 46. Kc1 1-0

[Event "Reunion op 15th"]
[Site "St Denis"]
[Date "2013.10.14"]
[Round "4"]
[White "Desire, Michael"]
[Black "Francou, Yvon"]
[Result "1-0"]
[WhiteElo "1797"]
[BlackElo "1399"]
[PlyCount "85"]
[EventDate "2013.10.12"]
[EventType "swiss"]
[EventRounds "9"]
[EventCountry "RUF"]
[SourceTitle "EXT 2014"]
[Source "ChessBase"]
[SourceDate "2013.11.20"]
[SourceVersion "1"]
[SourceVersionDate "2013.11.20"]
[SourceQuality "1"]

1. d4 d5 2. c4 c5 3. cxd5 Qxd5 4. Nf3 cxd4 5. Nc3 Qa5 6. Nxd4 e5 7. Ndb5 Bd7 8. Nd6+ Bxd6 9. Qxd6 Nc6 10. Bd2 Nge7 11. e4 Qd8 12. Nb5 0-0 13. Bc4 Nc8 14. Qd3 Nb6 15. Bb3 a6 16. Na3 Qf6 17. 0-0 Rad8 18. Qg3 Be6 19. Bg5 Qg6 20. Bxd8 Qxg3 21. hxg3 Nxd8 22. Bxe6 Nxe6 23. Nc2 Rd8 24. b3 f6 25. Rfd1 Rxd1+ 26. Rxd1 Kf7 27. Rd6 Nc8 28. Rd7+ Ne7 29. Rxb7 Nc5 30. Rc7 Nxe4 31. Nb4 Ke6 32. Nxa6 Kd6 33. b4 g6 34. b5 f5 35. Rxe7 Kxe7 36. b6 Nd6 37. Nc5 Kd8 38. a4 Kc8 39. a5 Nc4 40. b7+ Kb8 41. a6 Nb6 42. Kf1 Nd5 43. Nd7+ 1-0

[Event "Reunion op 15th"]
[Site "St Denis"]
[Date "2013.10.13"]
[Round "3"]
[White "Deurvillier, Martial"]
[Black "Desire, Michael"]
[Result "0-1"]
[WhiteElo "1514"]
[BlackElo "1797"]
[PlyCount "60"]
[EventDate "2013.10.12"]
[EventType "swiss"]
[EventRounds "9"]
[EventCountry "RUF"]
[SourceTitle "EXT 2014"]
[Source "ChessBase"]
[SourceDate "2013.11.20"]
[SourceVersion "1"]
[SourceVersionDate "2013.11.20"]
[SourceQuality "1"]

1. e4 c6 2. Nf3 d5 3. exd5 cxd5 4. d4 Nc6 5. c3 Bg4 6. Be2 e6 7. 0-0 Bd6 8. Bg5 Qc7 9. Nbd2 h6 10. Bh4 g5 11. Bg3 0-0-0 12. b4 Nf6 13. Bxd6 Qxd6 14. Rc1 Qf4 15. b5 Ne7 16. Ne5 Bxe2 17. Qxe2 h5 18. g3 Qf5 19. Nxf7 Qh3 20. f3 Kd7 21. Nxd8 Kxd8 22. Qe5 Rh6 23. Rce1 Nd7 24. Qxg5 Rg6 25. Qf4 Nf5 26. Rf2 Nxg3 27. Rg2 Qxg2+ 28. Kxg2 Ne2+ 29. Kf2 Nxf4 30. Re2 Rg2+ 0-1